| 000 | 00660nam a22002057a 4500 | ||
|---|---|---|---|
| 003 | 0 | ||
| 005 | 20241015075642.0 | ||
| 008 | 241015b xxu||||| |||| 00| 0 eng d | ||
| 020 | _a9781032549378 | ||
| 050 |
_aT 56.8 _b.B36 2024 |
||
| 100 |
_aBansal, Vijay Kumar, _eauthor. |
||
| 245 |
_aProject management : _bplanning and scheduling techniques / _cVijay Kumar Bansal. |
||
| 260 |
_aNew York, NY : _bRoutledge, _c2024. |
||
| 300 |
_axv, 268 p. : _bill. ; _c25 cm. |
||
| 504 | _aIncludes bibliographical references and index. | ||
| 650 | _aProject management. | ||
| 650 |
_aIndustrial engineering _vPlanning. |
||
| 650 | _aTime management. | ||
| 942 |
_2lcc _cBK |
||
| 999 |
_c366541 _d366541 |
||